| 000 | 01400nam a2200373 c 4500 | ||
|---|---|---|---|
| 999 |
_c327210 _d327210 |
||
| 003 | BLK | ||
| 005 | 20250801142715.0 | ||
| 008 | 180409b bul|||||r ||||||| ||bul|| | ||
| 010 | _aKNG00117730000 | ||
| 020 | _a978-954-527-605-7 | ||
| 040 | _aBLK | ||
| 041 |
_aBUL _cBUL |
||
| 080 |
_aБългарска литература _b821.163.2 _x-992 _z821.163.2-992 |
||
| 139 |
_aКонстантинов, Алеко Иваницов _bК 82 |
||
| 245 | 1 | 0 |
_aДо Чикаго и назад _bПътни бел. _cАлеко Иваницов Константинов; предг. от Елка Димитрова. |
| 257 | _aBGR | ||
| 260 |
_bДамян Яков _bАлекс принт _c2018 _fСофия : Симолини |
||
| 300 |
_a120 с. _c20 см |
||
| 380 | _aX | ||
| 490 | 1 | _aУчилищна библиотека | |
| 500 | _a1. изд. 1894, изд. на Придворна печ. Б. Шимачек ; - Съдържа и речник. | ||
| 653 | _aпътеписи | ||
| 700 | 1 |
_aДимитрова, Елка _eпредг. от _9365817 |
|
| 852 |
_bП _cП 886.7-32/К 82 _aЦб 294978 |
||
| 856 | 4 | _qpdf | |
| 856 | 4 | _qpdf | |
| 942 |
_cKNG _n0 _0446 |
||
| 944 |
_aCR _c09.05.2006 _lИва Цветкова _k30543 |
||
| 944 |
_aED _c18.12.2015 _lф / _kЛюдмила_Стоянова |
||
| 999 | _d327210 | ||
| 999 | _d327210 | ||
| 999 | _d327210 | ||
| 999 | _d112365 | ||